000
00274nam a2200121 a 4500
082
0
0
_a
297.4
_b
AKH
100
_a
Akhtar, Mirza Mohd.
245
_a
Tazkira Auliya -e - Hind
260
_a
500
_a
includes index and biblioraphy
650
_a
Sufism-Malfoozat
942
_c
BK
999
_c
2110
_d
2110